000 00662nam a2200205Ia 4500
003 GCL
008 140319s9999 xx 000 0 ara d
020 _a2296063977
040 _aGCL /
_cGCL
082 0 4 _a020.7
_bم ت
100 1 _aمحمود حسان
245 1 0 _aالتربية المعلوماتية /
_cمحمود حسان
260 _aالقاهرة :
_bدار فرحة للنشر والتوزيع ،
_c2003
300 _a239 ص ؛
_c28 سم
650 0 4 _aنظم المعلومات
650 0 4 _aالمعلومات
650 0 4 _aالتعليم - طرق تدريس
650 0 4 _aالتعليم - خدمات المعلومات
942 _2ddc
_cBK
999 _c57413
_d57413